[Event "Campeonato Individual Absoluto de Madrid"]
[Site "Madrid ESP"]
[Date "2025.05.08"]
[Round "4.10"]
[White "Perez Diez, Victor"]
[Black "Martin Rodriguez, Emilio"]
[Result "1/2-1/2"]
[WhiteElo "2041"]
[BlackElo "1959"]
[PlyCount "143"]
[GameId "2175371589984430"]
[EventDate "2025.05.05"]
[EventType "swiss"]
[EventRounds "7"]
[SourceTitle "Ajedrez en Madrid"]
[Source "lmi"]
[SourceDate "2025.05.05"]
[SourceVersion "1"]
[SourceVersionDate "2025.05.14"]
[SourceQuality "1"]

1. e4 c6 2. c4 d5 3. exd5 cxd5 4. d4 Nf6 5. Nc3 g6 6. Nf3 Bg7 7. Qb3 O-O 8. cxd5 Na6 9. Bf4 Qb6 10. Qxb6 axb6 11. Bc4 Nb4 12. O-O Rd8 13. d6 exd6 14. a3 Na6 15. Rfe1 h6 16. Re7 d5 17. Bb5 Bf8 18. Re3 Nh5 19. Be5 f6 20. Bg3 Nxg3 21. hxg3 Nc7 22. Bd3 g5 23. Rc1 Bd6 24. Bb1 Bd7 25. Ba2 Bc6 26. Rce1 Kf8 27. Nh2 h5 28. Nf1 b5 29. Rf3 Kg7 30. Ne3 Bf8 31. Rf5 b4 32. Ncxd5 Nxd5 33. Nxd5 Bxd5 34. Rxd5 bxa3 35. bxa3 Bxa3 36. Rb1 Rxd5 37. Bxd5 Rd8 38. Rxb7+ Kh8 39. Rb5 Bc1 40. Kf1 Bd2 41. Ke2 Bc3 42. Ke3 Kg7 43. f3 Rd7 44. Kd3 Be1 45. g4 hxg4 46. fxg4 Bf2 47. Rb2 Bg1 48. Rb1 Bf2 49. Rf1 Bg3 50. Be6 Ra7 51. Rc1 Kf8 52. Ke4 Ke7 53. Kf5 Ra4 54. d5 Be5 55. Rh1 Rd4 56. Rh7+ Kd6 57. Rd7+ Kc5 58. Rf7 Rd2 59. Kg6 Rxg2 60. Rf8 Rh2 61. Rd8 Rh1 62. Rf8 Rh2 63. Rxf6 Bxf6 64. Kxf6 Kd6 65. Kxg5 Ke7 66. Kg6 Rg2 67. g5 Rg1 68. Kh6 Rg2 69. g6 Kf6 70. Kh5 Rg5+ 71. Kh4 Rxg6 72. Kh3 1/2-1/2

[Event "Campeonato Individual Absoluto de Madrid"]
[Site "Madrid ESP"]
[Date "2025.05.08"]
[Round "4.11"]
[White "Bocancea, Cristian Andrei"]
[Black "De Vicente Guijarro, Juan"]
[Result "1/2-1/2"]
[WhiteElo "1995"]
[BlackElo "1930"]
[PlyCount "75"]
[GameId "2175331287249177"]
[EventDate "2025.05.05"]
[EventType "swiss"]
[EventRounds "7"]
[SourceTitle "Ajedrez en Madrid"]
[Source "lmi"]
[SourceDate "2025.05.05"]
[SourceVersion "1"]
[SourceVersionDate "2025.05.14"]
[SourceQuality "1"]

1. d4 d5 2. c4 dxc4 3. Nf3 Nf6 4. e3 e6 5. Bxc4 c5 6. O-O a6 7. Bd3 Nc6 8. a3 cxd4 9. exd4 Be7 10. Nc3 O-O 11. Bc2 b5 12. Qd3 g6 13. Bh6 Re8 14. Rac1 Bb7 15. Rfd1 Na5 16. Ne5 Rc8 17. Qg3 Nh5 18. Qg4 f5 19. Qh3 Bg5 20. Bxg5 Qxg5 21. Ne2 Bd5 22. Rf1 Rc7 23. f4 Qe7 24. Nc3 Bb7 25. Qe3 Nf6 26. Rfe1 Nd5 27. Nxd5 Bxd5 28. b4 Nc4 29. Nxc4 Bxc4 30. Bb3 Bxb3 31. Qxb3 Kf7 32. Rc5 Qd6 33. Qe3 Rd7 34. d5 Rde7 35. dxe6+ Rxe6 36. Re5 Rxe5 37. fxe5 Qe6 38. Qh6 1/2-1/2

[Event "Campeonato Individual Absoluto de Madrid"]
[Site "Madrid ESP"]
[Date "2025.05.08"]
[Round "4.12"]
[White "Blazquez Sanz, Oscar"]
[Black "Martin Martin, Luis Vicente"]
[Result "0-1"]
[WhiteElo "1993"]
[BlackElo "1958"]
[PlyCount "156"]
[GameId "2175378348388547"]
[EventDate "2025.05.05"]
[EventType "swiss"]
[EventRounds "7"]
[SourceTitle "Ajedrez en Madrid"]
[Source "lmi"]
[SourceDate "2025.05.05"]
[SourceVersion "1"]
[SourceVersionDate "2025.05.14"]
[SourceQuality "1"]

1. e4 e6 2. d4 d5 3. Nc3 dxe4 4. Nxe4 Nd7 5. Nf3 Ngf6 6. Bg5 h6 7. Bxf6 Nxf6 8. Nxf6+ Qxf6 9. Bd3 Bd6 10. Qe2 Bd7 11. O-O-O O-O-O 12. Be4 Kb8 13. Kb1 g5 14. h3 c6 15. Rd3 Rc8 16. Rhd1 Qd8 17. Ne5 Be8 18. Bf3 Qc7 19. Nc4 Be7 20. Rb3 Bd7 21. Bh5 Rhf8 22. Qe1 Rcd8 23. Rdd3 Bc8 24. Bf3 Rd7 25. Ne5 Rd6 26. Qb4 Ka8 27. Qa4 Bf6 28. Nc4 Rxd4 29. Rxd4 Bxd4 30. Na5 Bb6 31. Nc4 Bxf2 32. Na5 Bb6 33. Nc4 Bc5 34. Na5 Qf4 35. Qxf4 gxf4 36. Nxc6 Bb6 37. Ne5 Kb8 38. a4 f6 39. Ng6 Rd8 40. Nxf4 e5 41. Nd5 f5 42. Nxb6 axb6 43. Rxb6 e4 44. Bh5 Rd2 45. Rxh6 Rxg2 46. Kc1 e3 47. Kd1 Rd2+ 48. Kc1 Rh2 49. Kd1 Rxh3 50. Ke2 f4 51. Rf6 Rxh5 52. Rxf4 Rh3 53. Re4 Bf5 54. Rxe3 Rxe3+ 55. Kxe3 Bxc2 56. a5 Ka7 57. Kd4 Bb3 58. Kc3 Bf7 59. b3 Ka6 60. b4 Kb5 61. Kd3 Bc4+ 62. Kc3 Bf1 63. Kb3 Kc6 64. Kc3 Kd5 65. Kb3 Bb5 66. Kc3 Ke4 67. Kb3 Kd5 68. Kc3 Bc4 69. Kb2 Kd4 70. Ka3 Bb5 71. Kb3 Kd3 72. Ka3 Kc3 73. a6 Bxa6 74. Ka4 Be2 75. Ka5 Kc4 76. Kb6 Bf3 77. Ka5 Bg2 78. Ka4 b5+ 0-1

[Event "Campeonato Individual Absoluto de Madrid"]
[Site "Madrid ESP"]
[Date "2025.05.08"]
[Round "4.13"]
[White "Lopez de Turiso Sanchez, Jose An"]
[Black "Fernandez Kalinov, Rodrigo"]
[Result "0-1"]
[WhiteElo "1989"]
[BlackElo "1816"]
[PlyCount "50"]
[GameId "2175312916439155"]
[EventDate "2025.05.05"]
[EventType "swiss"]
[EventRounds "7"]
[SourceTitle "Ajedrez en Madrid"]
[Source "lmi"]
[SourceDate "2025.05.05"]
[SourceVersion "1"]
[SourceVersionDate "2025.05.14"]
[SourceQuality "1"]

1. Nc3 d5 2. d4 Nf6 3. Bf4 g6 4. e3 Bg7 5. h3 h5 6. Nb5 Na6 7. c4 c6 8. Nc3 Qa5 9. Qd2 O-O 10. Nf3 Bf5 11. Nh4 Be6 12. b3 c5 13. Rd1 Rfd8 14. Nf3 Nb4 15. Be2 Ne4 16. Nxe4 dxe4 17. Ng5 cxd4 18. Nxe6 fxe6 19. Bc7 Qxc7 20. Qxb4 dxe3 21. O-O Rxd1 22. Rxd1 exf2+ 23. Kxf2 Qf4+ 24. Ke1 a5 25. Qd2 e3 0-1

[Event "Campeonato Individual Absoluto de Madrid"]
[Site "Madrid ESP"]
[Date "2025.05.08"]
[Round "4.14"]
[White "Galarreta Santana, Javier"]
[Black "Escriva De Romani, Querejeta Bel"]
[Result "1-0"]
[WhiteElo "1927"]
[BlackElo "1979"]
[PlyCount "133"]
[GameId "2175380265734364"]
[EventDate "2025.05.05"]
[EventType "swiss"]
[EventRounds "7"]
[SourceTitle "Ajedrez en Madrid"]
[Source "lmi"]
[SourceDate "2025.05.05"]
[SourceVersion "1"]
[SourceVersionDate "2025.05.14"]
[SourceQuality "1"]

1. d4 Nf6 2. c4 g6 3. Nc3 Bg7 4. e4 d6 5. Be2 O-O 6. g4 c5 7. d5 e6 8. g5 Ne8 9. Qd3 exd5 10. cxd5 Nc7 11. Bf4 a6 12. Qg3 Ne8 13. a4 Qe7 14. Bd3 c4 15. Bc2 Nd7 16. Nge2 Nc5 17. h4 Rb8 18. h5 b5 19. hxg6 b4 20. Nd1 fxg6 21. Qh4 Nd3+ 22. Bxd3 cxd3 23. Ng3 Bd4 24. Be3 Bh8 25. Rc1 Bd7 26. b3 Rf7 27. Rc4 h5 28. gxh6 Bf6 29. h7+ Rxh7 30. Qxh7+ Qxh7 31. Rxh7 Kxh7 32. Kd2 Bg4 33. Rc1 Bh4 34. Kxd3 Nf6 35. Nf1 Re8 36. Nd2 Nd7 37. f3 Ne5+ 38. Ke2 Nxf3 39. Rc7+ Kg8 40. Nxf3 Rf8 41. Kd3 Rxf3 42. Nb2 Rf7 43. Rxf7 Kxf7 44. Nc4 Ke7 45. Bf4 Bd1 46. Bxd6+ Kd8 47. Bxb4 Bxb3 48. a5 Bf6 49. Bc3 Bh4 50. Nb6 Bd1 51. Kc4 Be2+ 52. Kc5 Bb5 53. Kd6 Bg3+ 54. Ke6 Bd3 55. Bf6+ Ke8 56. e5 Bf5+ 57. Kd6 Bf4 58. Kc6 g5 59. d6 g4 60. Bh4 g3 61. d7+ Bxd7+ 62. Nxd7 g2 63. Bf2 Bh2 64. Nc5 g1=Q 65. Bxg1 Bxg1 66. Nxa6 Ke7 67. Nc5 1-0

[Event "Campeonato Individual Absoluto de Madrid"]
[Site "Madrid ESP"]
[Date "2025.05.08"]
[Round "4.15"]
[White "Marquez Misel, Michael Angel"]
[Black "Arevillca Colque, Jonatan"]
[Result "1/2-1/2"]
[WhiteElo "1953"]
[BlackElo "1900"]
[PlyCount "39"]
[GameId "2175315297702019"]
[EventDate "2025.05.05"]
[EventType "swiss"]
[EventRounds "7"]
[SourceTitle "Ajedrez en Madrid"]
[Source "lmi"]
[SourceDate "2025.05.05"]
[SourceVersion "1"]
[SourceVersionDate "2025.05.14"]
[SourceQuality "1"]

1. d4 d5 2. Bf4 Nf6 3. e3 e6 4. Nf3 Bd6 5. Ne5 O-O 6. Nd2 c5 7. c3 Qc7 8. Bd3 Nbd7 9. Ndf3 Ne4 10. Qc2 Ndf6 11. g4 c4 12. Be2 Nd7 13. g5 f6 14. gxf6 gxf6 15. Rg1+ Kh8 16. Bh6 fxe5 17. Bg7+ Kg8 18. Nxe5 Rf5 19. Bh6+ Kh8 20. Bg7+ 1/2-1/2

[Event "Campeonato Individual Absoluto de Madrid"]
[Site "Madrid ESP"]
[Date "2025.05.08"]
[Round "4.16"]
[White "Cabanas Bravo, Juan Andres"]
[Black "Pulido Gomez, Pablo"]
[Result "1-0"]
[WhiteElo "1911"]
[BlackElo "1936"]
[PlyCount "113"]
[GameId "2175332444672295"]
[EventDate "2025.05.05"]
[EventType "swiss"]
[EventRounds "7"]
[SourceTitle "Ajedrez en Madrid"]
[Source "lmi"]
[SourceDate "2025.05.05"]
[SourceVersion "1"]
[SourceVersionDate "2025.05.14"]
[SourceQuality "1"]

1. e4 e6 2. d4 d5 3. Nc3 Nf6 4. Bg5 Be7 5. e5 Nfd7 6. h4 Bxg5 7. hxg5 Qxg5 8. Nh3 Qh4 9. g3 Qe7 10. Qg4 g6 11. O-O-O a6 12. Nf4 Nb6 13. Nd3 N8d7 14. Rh6 c5 15. dxc5 Nxc5 16. Be2 Nxd3+ 17. Bxd3 Nd7 18. f4 Nf8 19. Qe2 Bd7 20. Qe3 Bc6 21. Ne2 Rc8 22. Qd4 Bb5 23. Bxb5+ axb5 24. Nc3 Qc5 25. a3 Qxd4 26. Rxd4 Rc4 27. Nxb5 Rxd4 28. Nxd4 Nd7 29. b4 Ke7 30. Nb5 f6 31. exf6+ Kxf6 32. Nd4 e5 33. fxe5+ Nxe5 34. a4 b6 35. Kb2 Kg7 36. Rh2 h5 37. Ne6+ Kf6 38. Nc7 Nc4+ 39. Kc3 Rd8 40. Kd4 Kg5 41. Ne6+ Kg4 42. Nxd8 Kxg3 43. Re2 Nd6 44. Ne6 h4 45. Ng5 Ne4 46. Nxe4+ dxe4 47. Kxe4 g5 48. a5 bxa5 49. bxa5 g4 50. a6 h3 51. a7 h2 52. Rxh2 Kxh2 53. a8=Q g3 54. Qh8+ Kg1 55. c4 g2 56. c5 Kf1 57. Qa1+ 1-0

[Event "Campeonato Individual Absoluto de Madrid"]
[Site "Madrid ESP"]
[Date "2025.05.08"]
[Round "4.17"]
[White "Moreno Torrero, Javier"]
[Black "Camarero Izquierdo, Juan Carlos"]
[Result "0-1"]
[WhiteElo "1933"]
[BlackElo "1892"]
[PlyCount "67"]
[GameId "2175327695933669"]
[EventDate "2025.05.05"]
[EventType "swiss"]
[EventRounds "7"]
[SourceTitle "Ajedrez en Madrid"]
[Source "lmi"]
[SourceDate "2025.05.05"]
[SourceVersion "1"]
[SourceVersionDate "2025.05.14"]
[SourceQuality "1"]

1. e4 c5 2. Nf3 d6 3. d4 cxd4 4. Nxd4 Nf6 5. Nc3 a6 6. Bc4 e6 7. Bb3 Be7 8. f4 O-O 9. Be3 Qc7 10. Qf3 b5 11. f5 b4 12. Na4 e5 13. Ne2 Bb7 14. Nb6 Ra7 15. Nd5 Bxd5 16. Bxd5 Nxd5 17. Bxa7 Qxa7 18. exd5 Bg5 19. Rd1 Bd8 20. g4 Nd7 21. Kf1 Qc5 22. c3 Nf6 23. g5 Nd7 24. Rg1 Bb6 25. Rg2 Re8 26. cxb4 Qxb4 27. Qc3 Qa4 28. b3 Qe4 29. Qd3 Qh4 30. Qxa6 e4 31. Qa4 Rd8 32. Qc6 Qh5 33. Rg3 Qxh2 34. Qc3 0-1

[Event "Campeonato Individual Absoluto de Madrid"]
[Site "Madrid ESP"]
[Date "2025.05.08"]
[Round "4.18"]
[White "Garcia Galeote, Lorenzo"]
[Black "Cardena Contreras, Javier"]
[Result "1-0"]
[WhiteElo "1894"]
[BlackElo "1916"]
[PlyCount "113"]
[GameId "2175340234252811"]
[EventDate "2025.05.05"]
[EventType "swiss"]
[EventRounds "7"]
[SourceTitle "Ajedrez en Madrid"]
[Source "lmi"]
[SourceDate "2025.05.05"]
[SourceVersion "1"]
[SourceVersionDate "2025.05.14"]
[SourceQuality "1"]

1. Nf3 d5 2. g3 c5 3. c4 d4 4. e3 Nc6 5. Bg2 e5 6. exd4 cxd4 7. d3 Nf6 8. O-O Be7 9. Re1 Qc7 10. a3 a5 11. Bg5 Bf5 12. Qe2 Bg4 13. h3 Bxf3 14. Bxf3 h6 15. Bxf6 Bxf6 16. Nd2 O-O 17. Rab1 a4 18. b4 axb3 19. Rxb3 Ra7 20. Reb1 Be7 21. Bd5 Bxa3 22. Nf3 Bd6 23. Nh4 Qd7 24. g4 Re8 25. Qe4 Be7 26. Nf5 Bf6 27. Rb6 Rc8 28. R1b5 Kh8 29. c5 Bd8 30. Nd6 g6 31. Rxb7 Rxb7 32. Rxb7 f5 33. Bxc6 Qxd6 34. cxd6 fxe4 35. Bxe4 Bg5 36. Rc7 Rd8 37. d7 Kg7 38. Bc6 Kf7 39. Rc8 Ke6 40. Kg2 Be7 41. Kf3 g5 42. Ke4 Bf6 43. Ba4 Be7 44. Bb5 Bf6 45. Rc6+ Ke7 46. Kf5 Bg7 47. Re6+ Kf7 48. Re8 Bf6 49. Bc4+ Kg7 50. Ke6 Kg6 51. Kd6 h5 52. Kc7 e4 53. dxe4 hxg4 54. hxg4 d3 55. Rxd8 Bxd8+ 56. Kxd8 d2 57. Bb3 1-0

[Event "Campeonato Individual Absoluto de Madrid"]
[Site "Madrid ESP"]
[Date "2025.05.08"]
[Round "4.19"]
[White "Arce Balluerca, Oscar"]
[Black "Lorenzo Bailador, Alfredo"]
[Result "0-1"]
[WhiteElo "1814"]
[BlackElo "1968"]
[PlyCount "136"]
[GameId "2175382998270189"]
[EventDate "2025.05.05"]
[EventType "swiss"]
[EventRounds "7"]
[SourceTitle "Ajedrez en Madrid"]
[Source "lmi"]
[SourceDate "2025.05.05"]
[SourceVersion "1"]
[SourceVersionDate "2025.05.14"]
[SourceQuality "1"]

1. e4 e5 2. Nf3 Nc6 3. Bc4 Nf6 4. d3 Bc5 5. Nbd2 d6 6. c3 O-O 7. h3 Qe7 8. b4 Bb6 9. O-O a6 10. Re1 Be6 11. Nf1 Bxc4 12. dxc4 Qe6 13. Qe2 Ne7 14. Ng5 Qc8 15. Ng3 a5 16. Nf3 Qe6 17. Ng5 Qc8 18. Nf3 axb4 19. Bg5 Qe6 20. cxb4 Nc6 21. Nf5 Nxb4 22. Qd2 Nc6 23. Bh6 Ne8 24. Be3 Ba5 25. Qb2 Nf6 26. Qxb7 Qd7 27. Qxc6 Bxe1 28. Qxd7 Bxf2+ 29. Kxf2 Nxd7 30. Ne7+ Kh8 31. Nd5 c6 32. Nb4 Nf6 33. Nd2 Rfc8 34. g4 h6 35. g5 Ng8 36. h4 f6 37. Nf1 Ra4 38. a3 Kh7 39. Nd2 Ne7 40. Nb1 Rca8 41. Ke2 Rxb4 42. axb4 Rxa1 43. Nc3 hxg5 44. hxg5 Kg6 45. gxf6 gxf6 46. b5 Ra3 47. Kd2 cxb5 48. cxb5 f5 49. b6 Rb3 50. Kc2 Rb4 51. exf5+ Kxf5 52. Na2 Rc4+ 53. Kd3 d5 54. Nc3 Rb4 55. Bc5 Nc6 56. Bxb4 Nxb4+ 57. Kd2 Ke6 58. Na4 Kd6 59. Kc3 Nc6 60. Kd3 Nb8 61. Nc3 Kc6 62. Na4 Nd7 63. Nc3 Nxb6 64. Ne2 Na4 65. Nc1 Kd6 66. Ne2 Kc5 67. Nc1 Kd6 68. Nb3 Nc5+ 0-1

[Event "Campeonato Individual Absoluto de Madrid"]
[Site "Madrid ESP"]
[Date "2025.05.08"]
[Round "4.20"]
[White "Liern Matesanz, Jairo"]
[Black "Quiroga Andres, Carlos"]
[Result "1/2-1/2"]
[WhiteElo "1963"]
[BlackElo "1779"]
[PlyCount "54"]
[GameId "2175328334500083"]
[EventDate "2025.05.05"]
[EventType "swiss"]
[EventRounds "7"]
[SourceTitle "Ajedrez en Madrid"]
[Source "lmi"]
[SourceDate "2025.05.05"]
[SourceVersion "1"]
[SourceVersionDate "2025.05.14"]
[SourceQuality "1"]

1. d4 f5 2. c4 e6 3. g3 Nf6 4. Bg2 Be7 5. Nc3 O-O 6. Nf3 d6 7. O-O Nc6 8. d5 exd5 9. cxd5 Ne5 10. Nd4 Kh8 11. Qc2 Ng8 12. Bf4 a6 13. Bxe5 dxe5 14. Ne6 Bxe6 15. dxe6 e4 16. Rfd1 Bd6 17. f3 exf3 18. Bxf3 Qc8 19. Qb3 Rb8 20. Rac1 Bc5+ 21. Kg2 c6 22. Na4 Ba7 23. Rd7 Nf6 24. Rf7 Rxf7 25. exf7 Qd7 26. Rd1 Qe7 27. Qd3 Qxf7 1/2-1/2

[Event "Campeonato Individual Absoluto de Madrid"]
[Site "Madrid ESP"]
[Date "2025.05.08"]
[Round "4.21"]
[White "Veiga Macias, Rodrigo"]
[Black "Lorenzo Martin, Hector"]
[Result "1-0"]
[WhiteElo "1822"]
[BlackElo "1906"]
[PlyCount "79"]
[GameId "2175315704139921"]
[EventDate "2025.05.05"]
[EventType "swiss"]
[EventRounds "7"]
[SourceTitle "Ajedrez en Madrid"]
[Source "lmi"]
[SourceDate "2025.05.05"]
[SourceVersion "1"]
[SourceVersionDate "2025.05.14"]
[SourceQuality "1"]

1. e4 e6 2. d4 d5 3. exd5 exd5 4. Bd3 Bd6 5. Nf3 Ne7 6. O-O Nbc6 7. c3 Bf5 8. Bxf5 Nxf5 9. Re1+ Nfe7 10. Nbd2 f6 11. Nf1 Qd7 12. Ne3 O-O-O 13. b4 g5 14. a4 h5 15. a5 Rdg8 16. b5 Nd8 17. b6 a6 18. Qa4 Qxa4 19. Rxa4 c6 20. Ba3 Kd7 21. Bxd6 Kxd6 22. Nd2 Ne6 23. g3 h4 24. Ng4 Rf8 25. Nb3 Nf5 26. Ra2 Rh7 27. Rae2 Re7 28. Ne3 Nh6 29. Nc2 hxg3 30. fxg3 Rfe8 31. Rf1 f5 32. Re5 Nd8 33. Rxe7 Rxe7 34. Re1 Rxe1+ 35. Nxe1 Ng8 36. Nc5 Nf6 37. Nf3 g4 38. Nh4 Ke7 39. Nxf5+ Kf7 40. Nd6+ 1-0

[Event "Campeonato Individual Absoluto de Madrid"]
[Site "Madrid ESP"]
[Date "2025.05.08"]
[Round "4.22"]
[White "Perdiguero Herreros, Alejandro"]
[Black "Martin Cantizano, David"]
[Result "1/2-1/2"]
[WhiteElo "1962"]
[BlackElo "1946"]
[PlyCount "182"]
[GameId "2175386273915135"]
[EventDate "2025.05.05"]
[EventType "swiss"]
[EventRounds "7"]
[SourceTitle "Ajedrez en Madrid"]
[Source "lmi"]
[SourceDate "2025.05.05"]
[SourceVersion "1"]
[SourceVersionDate "2025.05.14"]
[SourceQuality "1"]

1. d4 Nf6 2. c4 c5 3. d5 b5 4. cxb5 a6 5. b6 Qxb6 6. Nc3 Bb7 7. e4 e6 8. Nf3 g6 9. Bc4 Qb4 10. Qe2 Bg7 11. O-O O-O 12. Be3 exd5 13. exd5 d6 14. a4 a5 15. Ra3 Ba6 16. Nb5 Bxb5 17. axb5 Nbd7 18. Rb3 Qa4 19. b6 Rfb8 20. Rc1 Nxb6 21. Ra3 Qd7 22. Bb5 Qc7 23. Bc6 Ra7 24. Qd2 Nc8 25. b3 Ne7 26. h3 Nxc6 27. dxc6 Qxc6 28. Bf4 Ne4 29. Qc2 Rb4 30. Rca1 h6 31. Bd2 Nxd2 32. Nxd2 d5 33. Rc1 c4 34. bxc4 dxc4 35. Nxc4 Rc7 36. Ne3 Qxc2 37. Rxc2 Rxc2 38. Nxc2 Rb1+ 39. Kh2 Rc1 40. Ne3 Ra1 41. Rb3 Be5+ 42. g3 a4 43. Rb5 Bg7 44. Rb8+ Kh7 45. Rb7 Kg8 46. Ra7 Ra2 47. Ra8+ Kh7 48. Kg2 Bd4 49. Kf3 Kg7 50. Ra6 a3 51. Ke4 Bb2 52. Ra7 Bc1 53. Nc4 Rxf2 54. Nxa3 Rh2 55. Nc4 Rxh3 56. Kf3 Rh1 57. Kg2 Re1 58. Nd6 Re6 59. Nxf7 Kf8 60. Rc7 Bd2 61. Rd7 Re7 62. Rxd2 Kxf7 63. Rf2+ Ke6 64. Kh3 Rf7 65. Re2+ Kf6 66. Kh4 Re7 67. Rf2+ Kg7 68. Ra2 h5 69. Ra5 Kh6 70. Rb5 Re4+ 71. Kh3 Rg4 72. Ra5 Rg5 73. Ra7 Rb5 74. Ra6 Kg5 75. Rc6 Kf5 76. Rc4 g5 77. Rc3 Ke4 78. Ra3 Rd5 79. Ra4+ Rd4 80. Ra5 Rd5 81. Ra4+ Ke3 82. Ra3+ Rd3 83. Ra5 g4+ 84. Kh4 Kf2 85. Rxh5 Rxg3 86. Rg5 Kf3 87. Rf5+ Ke4 88. Rf8 Rf3 89. Re8+ Kf4 90. Rf8+ Ke3 91. Re8+ Kf2 1/2-1/2

[Event "Campeonato Individual Absoluto de Madrid"]
[Site "Madrid ESP"]
[Date "2025.05.09"]
[Round "5.1"]
[White "Martinez Fernandez, Raul"]
[Black "Martin Duque, Jesus"]
[Result "1-0"]
[WhiteElo "2158"]
[BlackElo "2344"]
[PlyCount "71"]
[GameId "2175690241536323"]
[EventDate "2025.05.05"]
[EventType "swiss"]
[EventRounds "7"]
[SourceTitle "Ajedrez en Madrid"]
[Source "lmi"]
[SourceDate "2025.05.05"]
[SourceVersion "1"]
[SourceVersionDate "2025.05.14"]
[SourceQuality "1"]

1. e4 d6 2. d4 Nf6 3. Nc3 e5 4. Nf3 Nbd7 5. h3 c6 6. g4 g6 7. Be3 Bg7 8. Qd2 O-O 9. Bh6 Bxh6 10. Qxh6 Qa5 11. O-O-O b5 12. dxe5 dxe5 13. g5 Nh5 14. Rxd7 Bxd7 15. Nxe5 b4 16. Nd5 cxd5 17. Nxd7 b3 18. Bc4 Qd8 19. Nxf8 Qc7 20. Qxh7+ Kxf8 21. Qh8+ Ke7 22. Qxa8 dxc4 23. Kb1 Nf4 24. axb3 cxb3 25. cxb3 Qd7 26. Ka2 Nd3 27. Qb8 Qd4 28. Qc7+ Kf8 29. Qc8+ Ke7 30. Qc3 Qxe4 31. f3 Qe2 32. Rg1 a5 33. Rg4 Nb4+ 34. Rxb4 axb4 35. Qxb4+ Kd8 36. Qd4+ 1-0

[Event "Campeonato Individual Absoluto de Madrid"]
[Site "Madrid ESP"]
[Date "2025.05.09"]
[Round "5.2"]
[White "Rodriguez Avila, Alvaro"]
[Black "Lopez Del Alamo, Antonio"]
[Result "1-0"]
[WhiteElo "2204"]
[BlackElo "2145"]
[PlyCount "101"]
[GameId "2175695880278462"]
[EventDate "2025.05.05"]
[EventType "swiss"]
[EventRounds "7"]
[SourceTitle "Ajedrez en Madrid"]
[Source "lmi"]
[SourceDate "2025.05.05"]
[SourceVersion "1"]
[SourceVersionDate "2025.05.14"]
[SourceQuality "1"]

1. e4 c5 2. Nf3 Nc6 3. Bb5 e5 4. c3 Bd6 5. O-O a6 6. Bxc6 dxc6 7. d4 exd4 8. cxd4 Bg4 9. dxc5 Bxc5 10. Qc2 Qe7 11. Nbd2 Nf6 12. e5 Nd7 13. Re1 O-O-O 14. a3 h6 15. b4 Ba7 16. Bb2 Nf8 17. a4 Ne6 18. b5 Qc5 19. Nc4 Kb8 20. Ba3 Nd4 21. Bxc5 Nxc2 22. b6 Bxb6 23. Bxb6 Rd7 24. h3 Be6 25. Ne3 Nxa1 26. Rxa1 Rd3 27. a5 Re8 28. Bc5 f6 29. exf6 gxf6 30. Bd4 f5 31. Be5+ Ka8 32. Bf4 h5 33. Rc1 Ka7 34. Bc7 Rf8 35. Ne5 Rb3 36. Ng6 Rc8 37. Bb6+ Kb8 38. Nf4 Bd7 39. Nxh5 Rxb6 40. Nf4 c5 41. Nd3 c4 42. Rxc4 Rxc4 43. Nxc4 Rb1+ 44. Kh2 Bb5 45. Nce5 Rd1 46. Nf4 Re1 47. Neg6 Kc8 48. h4 Kd7 49. h5 Ke8 50. h6 Kf7 51. h7 1-0

[Event "Campeonato Individual Absoluto de Madrid"]
[Site "Madrid ESP"]
[Date "2025.05.09"]
[Round "5.3"]
[White "Moreno Ruiz, Javier"]
[Black "Lianes Garcia, Marcos"]
[Result "1/2-1/2"]
[WhiteElo "2379"]
[BlackElo "2383"]
[PlyCount "50"]
[GameId "2175687493452057"]
[EventDate "2025.05.05"]
[EventType "swiss"]
[EventRounds "7"]
[SourceTitle "Ajedrez en Madrid"]
[Source "lmi"]
[SourceDate "2025.05.05"]
[SourceVersion "1"]
[SourceVersionDate "2025.05.14"]
[SourceQuality "1"]

1. d4 d5 2. c4 dxc4 3. e3 e6 4. Bxc4 Nf6 5. Nf3 c5 6. O-O a6 7. dxc5 Bxc5 8. Qxd8+ Kxd8 9. Nbd2 Ke7 10. b3 Nbd7 11. Bb2 b6 12. Be2 Bb7 13. Rfd1 Rhd8 14. Ne1 Kf8 15. Nd3 Be7 16. Nc4 Rac8 17. Rac1 Ne8 18. Bd4 b5 19. Na5 Be4 20. f3 Bxd3 21. Bxd3 Bc5 22. Bxc5+ Nxc5 23. Be2 Rxd1+ 24. Rxd1 Ke7 25. Rc1 Nd6 1/2-1/2

[Event "Campeonato Individual Absoluto de Madrid"]
[Site "Madrid ESP"]
[Date "2025.05.09"]
[Round "5.4"]
[White "Rubio Mejia, Luis Ignacio"]
[Black "Rottenwohrer Suarez, Juan"]
[Result "1-0"]
[WhiteElo "2355"]
[BlackElo "2340"]
[PlyCount "51"]
[GameId "2175692231795092"]
[EventDate "2025.05.05"]
[EventType "swiss"]
[EventRounds "7"]
[SourceTitle "Ajedrez en Madrid"]
[Source "lmi"]
[SourceDate "2025.05.05"]
[SourceVersion "1"]
[SourceVersionDate "2025.05.14"]
[SourceQuality "1"]

1. d4 Nf6 2. c4 e6 3. Nc3 Bb4 4. e3 O-O 5. Bd3 d5 6. cxd5 exd5 7. a3 Bd6 8. Qc2 c6 9. Nge2 Re8 10. Bd2 b6 11. f3 c5 12. O-O-O c4 13. Bf5 Nc6 14. g4 g6 15. Bxc8 Rxc8 16. g5 Nh5 17. Nxd5 Qxg5 18. e4 Qg2 19. Bc3 Qxf3 20. Ng3 Bxg3 21. hxg3 Nxg3 22. Rhe1 Nh5 23. Re3 Qg4 24. Qh2 Ne7 25. Rg1 Qe6 26. Nxe7+ 1-0

[Event "Campeonato Individual Absoluto de Madrid"]
[Site "Madrid ESP"]
[Date "2025.05.09"]
[Round "5.5"]
[White "Fernandez Kalinov, Rodrigo"]
[Black "Torres Rebolledo, Alvaro"]
[Result "0-1"]
[WhiteElo "1816"]
[BlackElo "2336"]
[PlyCount "84"]
[GameId "2175681293664479"]
[EventDate "2025.05.05"]
[EventType "swiss"]
[EventRounds "7"]
[SourceTitle "Ajedrez en Madrid"]
[Source "lmi"]
[SourceDate "2025.05.05"]
[SourceVersion "1"]
[SourceVersionDate "2025.05.14"]
[SourceQuality "1"]

1. e4 c5 2. Nf3 d6 3. d4 cxd4 4. Nxd4 Nf6 5. Nc3 a6 6. h3 e5 7. Nf3 Be7 8. g4 h6 9. Bc4 b5 10. Bd5 Nxd5 11. Nxd5 Be6 12. Be3 Nd7 13. Nxe7 Qxe7 14. g5 hxg5 15. Nxg5 f6 16. Nxe6 Qxe6 17. Qd3 Rc8 18. b3 Rc6 19. O-O-O Ke7 20. Kb2 b4 21. h4 a5 22. Rhg1 Kf7 23. f4 exf4 24. Bxf4 Rxh4 25. Qg3 g5 26. Bxd6 Rh3 27. Qg4 Rxd6 28. Rxd6 Qxd6 29. Rd1 Ne5 30. Qxh3 Qxd1 31. Qh7+ Ke6 32. Qg8+ Ke7 33. Qa8 Qd4+ 34. Kb1 Qg1+ 35. Kb2 Qc5 36. Qb7+ Nd7 37. Qa8 g4 38. Qg8 Qe5+ 39. Kb1 Qxe4 40. Qg7+ Kd6 41. Qh6 g3 42. Qd2+ Ke6 0-1